000 00872nam a2200181 4500
999 _c63793
_d63793
003 Ge_BSU
005 20260114205207.0
008 260114s1978 ge ||||| |||| 00| 0 geo d
041 _ageo
080 _a908(47+57) ნ-68
100 _aნიორაძე, ო.
_926683
245 _aკომუნისტური მშენებლობის საბრძოლო პროგრამა /
_cო. ნიორაძე, დ. ლორთქიფანიძე; რედ. მ ახობაძე.
264 _aთბ. :
_bთბილ. უნ-ტის გამ-ბა,
_c1978.
300 _a171გვ. ;
_b21სმ.
653 _aკომუნისტური მშენებლობა სსრ კავშირში
700 _aლორთქიფანიძე, დ.
_eავტორი
_919701
942 _2udc
_cᲬᲘᲒᲜᲘ